Indian economic crisis; a diagnostic study

Enregistré dans:
Détails bibliographiques
Auteur principal: Kurien, C. T.
Format: Livre
Langue:English
Publié: Bombay, New York, Asia Pub. House [1969]
Sujets:
LEADER 01121nam a2200289 a 4500
001 c000183225
003 CARM
005 19880602000000.0
008 700401s1969 ii b 000 0 eng
010 |a 77905530 /SA 
019 1 |a 230494  |z 58086330  |5 LACONCORD2021 
035 |a (OCoLC)64299  |5 LACONCORD2021 
040 |a LC  |b eng  |c LC  |d WU 
050 0 0 |a HC435.2  |b .K88 1969 
082 0 4 |a 330.954 
100 1 |a Kurien, C. T. 
245 1 0 |a Indian economic crisis;  |b a diagnostic study  |c [by] C. T. Kurien. 
260 |a Bombay,  |a New York,  |b Asia Pub. House  |c [1969] 
300 |a ix, 123 p.  |c 23 cm. 
504 |a Bibliographical footnotes. 
651 0 |a India  |x Economic conditions  |y 1947- 
651 0 |a India  |x Economic policy. 
852 8 |b CARM  |h A2:AK21B0  |i B05430  |p 0243383  |f BK 
852 8 |b CARM  |h A1:AL19F0  |i B10415  |p 0488882  |f BK 
999 f f |i 2c5e94ee-3edb-5673-9029-68895bf013bc  |s 2f26e794-95d1-53f6-9d5c-ce04d987c53d 
952 f f |p Can circulate  |a CAVAL  |b CAVAL  |c CAVAL  |d CARM 1 Store  |e B05430  |f A2:AK21B0  |h Other scheme  |i book  |m 0243383 
952 f f |p Can circulate  |a CAVAL  |b CAVAL  |c CAVAL  |d CARM 1 Store  |e B10415  |f A1:AL19F0  |h Other scheme  |i book  |m 0488882